[Event "World Chess Olympiad 2018"]
[Site "Batumi"]
[Date "2018.09.25"]
[Round "2"]
[Board "1"]
[WhiteFideId "16000021"]
[White "Mutabazi Fidele"]
[BlackFideId "23800011"]
[Black "Bailey Matthew"]
[Result "1-0"]
[LiveChessVersion "1.4.8"]
[BlackElo "1060"]
[WhiteElo "1818"]

1. e4 {[%clk 1:29:55]} c5 {[%clk 1:30:53]} 2. Nf3 {[%clk 1:30:04]} d6
{[%clk 1:31:16]} 3. Bc4 {[%clk 1:28:42]} e6 {[%clk 1:30:14]} 4. d3
{[%clk 1:22:13]} Nc6 {[%clk 1:25:39]} 5. O-O {[%clk 1:21:25]} Be7
{[%clk 1:23:39]} 6. Nc3 {[%clk 1:21:03]} Nf6 {[%clk 1:23:42]} 7. Bg5
{[%clk 1:18:45]} O-O {[%clk 1:23:01]} 8. a4 {[%clk 1:19:04]} Qb6 {[%clk 1:21:28]}
9. Qd2 {[%clk 1:16:36]} Nd4 {[%clk 1:20:37]} 10. Nxd4 {[%clk 1:14:37]} cxd4
{[%clk 1:20:57]} 11. Ne2 {[%clk 1:14:12]} Bd7 {[%clk 1:20:48]} 12. a5
{[%clk 1:13:52]} Qc7 {[%clk 1:20:53]} 13. Bb3 {[%clk 1:13:05]} e5
{[%clk 1:21:06]} 14. f4 {[%clk 1:06:54]} Be6 {[%clk 1:20:33]} 15. Ba4
{[%clk 1:04:35]} Rac8 {[%clk 1:19:55]} 16. c3 {[%clk 1:04:06]} dxc3
{[%clk 1:02:05]} 17. Nxc3 {[%clk 1:02:00]} Rfd8 {[%clk 0:58:09]} 18. Kh1
{[%clk 1:00:59]} Qc5 {[%clk 0:55:47]} 19. Bxf6 {[%clk 1:00:01]} Bxf6
{[%clk 0:55:26]} 20. f5 {[%clk 0:59:33]} Bd7 {[%clk 0:55:45]} 21. Bxd7
{[%clk 0:59:28]} Rxd7 {[%clk 0:56:09]} 22. Nd5 {[%clk 0:59:30]} Qc2
{[%clk 0:55:49]} 23. Rf2 {[%clk 0:55:12]} Qxd2 {[%clk 0:55:43]} 24. Rxd2
{[%clk 0:51:07]} Bg5 {[%clk 0:55:35]} 25. Re2 {[%clk 0:51:28]} Rc6
{[%clk 0:50:43]} 26. g3 {[%clk 0:50:59]} Kf8 {[%clk 0:50:02]} 27. h4
{[%clk 0:48:40]} Bh6 {[%clk 0:48:00]} 28. g4 {[%clk 0:48:10]} g6 {[%clk 0:48:00]}
29. f6 {[%clk 0:48:28]} Ke8 {[%clk 0:47:12]} 30. g5 {[%clk 0:48:51]} Bf8
{[%clk 0:46:52]} 31. b4 {[%clk 0:40:42]} Rd8 {[%clk 0:46:47]} 32. b5
{[%clk 0:40:46]} Rc5 {[%clk 0:46:15]} 33. b6 {[%clk 0:41:12]} a6 {[%clk 0:45:19]}
34. Ree1 {[%clk 0:39:56]} Rdc8 {[%clk 0:44:35]} 35. Nc7+ {[%clk 0:40:05]} Kd7
{[%clk 0:44:33]} 36. Rec1 {[%clk 0:40:09]} Rxc1+ {[%clk 0:42:06]} 37. Rxc1
{[%clk 0:40:34]} d5 {[%clk 0:42:19]} 38. exd5 {[%clk 0:40:53]} Bd6
{[%clk 0:41:49]} 39. Kg2 {[%clk 0:38:41]} Bxc7 {[%clk 0:42:17]} 40. Rxc7+
{[%clk 1:07:19]} Rxc7 {[%clk 1:12:38]} 41. bxc7 {[%clk 1:07:17]} Kxc7
{[%clk 1:13:07]} 42. Kf3 {[%clk 1:07:42]} Kd7 {[%clk 1:09:35]} 43. Ke3
{[%clk 1:08:06]} Kc7 {[%clk 1:08:06]} 44. Ke4 {[%clk 1:08:18]} b6
{[%clk 1:07:36]} 45. axb6+ {[%clk 1:02:56]} Kxb6 {[%clk 1:07:56]} 46. Kxe5
{[%clk 1:03:22]} Kc7 {[%clk 1:08:20]} 47. Kd4 {[%clk 1:02:13]} Kd6
{[%clk 1:06:40]} 48. Kc4 {[%clk 0:59:14]} a5 {[%clk 1:06:27]} 49. Kb5
{[%clk 0:58:29]} a4 {[%clk 1:06:47]} 50. Kxa4 {[%clk 0:58:57]} Kxd5
{[%clk 1:06:53]} 51. Kb5 {[%clk 0:59:10]} Ke6 {[%clk 1:06:01]} 52. Kc6
{[%clk 0:59:24]} Kf5 {[%clk 1:05:46]} 53. Kd6 {[%clk 0:59:14]} Kg4
{[%clk 1:05:59]} 54. Ke7 {[%clk 0:59:40]} Kxh4 {[%clk 1:06:25]} 55. Kxf7
{[%clk 0:58:38]} Kxg5 {[%clk 1:06:29]} 56. Kg7 {[%clk 0:59:03]} h5
{[%clk 1:05:13]} 57. f7 {[%clk 0:59:19]} 1-0

[Event "World Chess Olympiad 2018"]
[Site "Batumi"]
[Date "2018.09.25"]
[Round "2"]
[Board "2"]
[WhiteFideId "7200013"]
[White "Rodgaard John"]
[BlackFideId "922692"]
[Black "Stojanovic Dalibor"]
[Result "0-1"]
[LiveChessVersion "1.4.8"]
[BlackElo "2492"]
[WhiteElo "2331"]

1. Nf3 {[%clk 1:30:53]} Nf6 {[%clk 1:30:10]} 2. d4 {[%clk 1:30:42]} g6
{[%clk 1:30:00]} 3. e3 {[%clk 1:29:14]} Bg7 {[%clk 1:28:34]} 4. Be2
{[%clk 1:28:41]} O-O {[%clk 1:27:53]} 5. O-O {[%clk 1:28:29]} d6 {[%clk 1:27:08]}
6. b3 {[%clk 1:26:21]} Nbd7 {[%clk 1:24:32]} 7. Bb2 {[%clk 1:24:15]} c6
{[%clk 1:22:52]} 8. c4 {[%clk 1:18:51]} Re8 {[%clk 1:20:31]} 9. b4
{[%clk 1:07:40]} a5 {[%clk 1:16:00]} 10. a3 {[%clk 0:56:37]} d5 {[%clk 1:10:55]}
11. Nbd2 {[%clk 0:49:35]} Ne4 {[%clk 0:54:36]} 12. Qc2 {[%clk 0:35:14]} Nxd2
{[%clk 0:49:41]} 13. Qxd2 {[%clk 0:35:04]} Nf6 {[%clk 0:44:57]} 14. Rfc1
{[%clk 0:32:06]} Ne4 {[%clk 0:41:18]} 15. Qc2 {[%clk 0:29:29]} Bf5
{[%clk 0:37:10]} 16. Bd3 {[%clk 0:24:43]} Nd6 {[%clk 0:37:01]} 17. Bxf5
{[%clk 0:23:54]} gxf5 {[%clk 0:34:08]} 18. c5 {[%clk 0:21:05]} Ne4
{[%clk 0:33:54]} 19. Ne1 {[%clk 0:17:45]} e6 {[%clk 0:33:40]} 20. Nd3
{[%clk 0:17:35]} Qc7 {[%clk 0:24:20]} 21. f3 {[%clk 0:16:48]} Nf6
{[%clk 0:24:45]} 22. Bc3 {[%clk 0:16:32]} axb4 {[%clk 0:23:57]} 23. axb4
{[%clk 0:16:50]} Nd7 {[%clk 0:24:22]} 24. Be1 {[%clk 0:12:20]} Rxa1
{[%clk 0:21:34]} 25. Rxa1 {[%clk 0:12:48]} e5 26. dxe5 {[%clk 0:08:33]} Bxe5
{[%clk 0:17:28]} 27. Nxe5 {[%clk 0:07:13]} Qxe5 {[%clk 0:17:41]} 28. Ra3
{[%clk 0:07:18]} f4 {[%clk 0:17:42]} 29. Bd2 {[%clk 0:06:32]} fxe3
{[%clk 0:18:02]} 30. Rxe3 {[%clk 0:06:22]} Qa1+ {[%clk 0:18:21]} 31. Kf2
{[%clk 0:06:16]} Rxe3 {[%clk 0:16:06]} 32. Bxe3 Qe5 33. g3 {[%clk 0:05:22]} Nf8
{[%clk 0:15:47]} 34. f4 {[%clk 0:03:41]} Qh5 {[%clk 0:13:05]} 35. Kg2
{[%clk 0:03:30]} d4 {[%clk 0:11:23]} 36. Bc1 {[%clk 0:03:05]} Qd5+
{[%clk 0:11:48]} 37. Kg1 {[%clk 0:02:12]} d3 {[%clk 0:03:34]} 38. Qc3
{[%clk 0:02:32]} Ne6 {[%clk 0:03:36]} 39. Be3 {[%clk 0:02:09]} Qe4
{[%clk 0:00:51]} 40. Kf2 {[%clk 0:31:18]} Qd5 {[%clk 0:31:05]} 41. Bd2
{[%clk 0:12:12]} Qe4 {[%clk 0:23:20]} 42. Qe5 {[%clk 0:11:25]} Qh1
{[%clk 0:23:02]} 43. Qh5 {[%clk 0:09:54]} Ng7 {[%clk 0:16:44]} 44. Qh3
{[%clk 0:05:20]} h5 {[%clk 0:14:31]} 45. Qg2 {[%clk 0:03:58]} Qd1
{[%clk 0:11:52]} 46. Ke3 {[%clk 0:04:11]} Nf5+ {[%clk 0:10:42]} 47. Kxd3
{[%clk 0:04:25]} Qb1+ {[%clk 0:09:33]} 48. Kc3 {[%clk 0:04:05]} Ne7
{[%clk 0:09:59]} 49. Qe2 {[%clk 0:01:12]} Nd5+ {[%clk 0:10:25]} 50. Kc4
{[%clk 0:01:10]} Qa2+ {[%clk 0:08:52]} 51. Kd4 {[%clk 0:01:34]} Qa1+
{[%clk 0:06:36]} 52. Kc4 {[%clk 0:01:26]} Qa6+ {[%clk 0:06:57]} 0-1

[Event "World Chess Olympiad 2018"]
[Site "Batumi"]
[Date "2018.09.25"]
[Round "2"]
[Board "1"]
[WhiteFideId "5201268"]
[White "Sadorra Julio Catalino"]
[BlackFideId "14918781"]
[Black "Repka Christopher"]
[Result "1-0"]
[LiveChessVersion "1.4.8"]
[BlackElo "2523"]
[WhiteElo "2553"]

1. d4 {[%clk 1:30:55]} d5 {[%clk 1:23:03]} 2. c4 {[%clk 1:31:01]} c6
{[%clk 1:23:19]} 3. Nf3 {[%clk 1:31:10]} Nf6 {[%clk 1:23:37]} 4. Nc3
{[%clk 1:31:24]} e6 {[%clk 1:22:30]} 5. g3 {[%clk 1:31:18]} dxc4 {[%clk 1:25:42]}
6. Bg2 {[%clk 1:31:41]} b5 {[%clk 1:23:40]} 7. Ne5 {[%clk 1:31:20]} Nd5
{[%clk 1:22:03]} 8. e4 {[%clk 1:31:42]} Nxc3 {[%clk 1:20:46]} 9. bxc3
{[%clk 1:32:08]} Bb7 {[%clk 1:03:07]} 10. Qh5 {[%clk 1:31:54]} g6
{[%clk 0:56:54]} 11. Nxg6 {[%clk 1:32:16]} fxg6 {[%clk 0:52:24]} 12. Qe5
{[%clk 1:32:40]} Nd7 {[%clk 0:45:52]} 13. Qxh8 {[%clk 1:32:56]} Qe7
{[%clk 0:46:18]} 14. h4 {[%clk 1:33:09]} Qf7 {[%clk 0:46:01]} 15. h5
{[%clk 1:29:18]} gxh5 {[%clk 0:45:48]} 16. Bg5 {[%clk 1:28:42]} Qg6
{[%clk 0:29:34]} 17. f4 {[%clk 1:24:57]} Kf7 {[%clk 0:29:06]} 18. Bf3
{[%clk 1:25:08]} Bb4 {[%clk 0:29:24]} 19. cxb4 {[%clk 1:25:23]} Rxh8
{[%clk 0:29:49]} 20. Bxh5 {[%clk 1:25:51]} h6 {[%clk 0:28:23]} 21. O-O-O
{[%clk 1:17:07]} a5 {[%clk 0:16:02]} 22. a3 {[%clk 1:07:48]} axb4
{[%clk 0:08:11]} 23. axb4 {[%clk 1:08:14]} c3 {[%clk 0:02:30]} 24. Rh2
{[%clk 1:02:01]} Qxh5 {[%clk 0:01:36]} 25. Rxh5 {[%clk 1:02:27]} Ra8
{[%clk 0:01:53]} 26. Rxh6 {[%clk 1:02:38]} c5 {[%clk 0:02:19]} 27. d5
{[%clk 0:50:32]} exd5 {[%clk 0:02:45]} 28. Rh7+ {[%clk 0:46:39]} Kg6
{[%clk 0:00:31]} 29. Rxd7 {[%clk 0:46:05]} cxb4 {[%clk 0:00:57]} 30. Kc2
{[%clk 0:44:11]} Ra2+ {[%clk 0:00:38]} 31. Kd3 {[%clk 0:44:32]} c2
{[%clk 0:01:04]} 32. Rc1 {[%clk 0:40:04]} b3 {[%clk 0:00:33]} 33. Rxb7
{[%clk 0:39:40]} dxe4+ {[%clk 0:00:48]} 34. Kxe4 {[%clk 0:38:15]} b2
{[%clk 0:01:05]} 35. Rh1 {[%clk 0:38:43]} Ra4+ {[%clk 0:01:00]} 36. Ke5
{[%clk 0:39:08]} b1=N {[%clk 0:00:31]} 37. Rh6# {[%clk 0:39:29]} 1-0

[Event "World Chess Olympiad 2018"]
[Site "Batumi"]
[Date "2018.09.25"]
[Round "2"]
[Board "2"]
[WhiteFideId "14901625"]
[White "Petrik Tomas"]
[BlackFideId "5201381"]
[Black "Gomez John Paul"]
[Result "0-1"]
[LiveChessVersion "1.4.8"]
[BlackElo "2464"]
[WhiteElo "2481"]

1. e4 {[%clk 1:22:54]} e5 {[%clk 1:30:48]} 2. Nf3 {[%clk 1:23:08]} Nc6
{[%clk 1:31:08]} 3. Bb5 {[%clk 1:23:19]} Nf6 {[%clk 1:31:04]} 4. d3
{[%clk 1:21:39]} d6 {[%clk 1:24:56]} 5. O-O {[%clk 1:21:38]} a6 {[%clk 1:23:25]}
6. Bxc6+ {[%clk 1:12:53]} bxc6 {[%clk 1:23:46]} 7. d4 {[%clk 1:12:48]} exd4
{[%clk 1:22:47]} 8. Nxd4 {[%clk 1:11:44]} c5 {[%clk 1:22:36]} 9. Nc6
{[%clk 1:04:29]} Qd7 {[%clk 1:22:48]} 10. Na5 {[%clk 1:04:42]} Be7
{[%clk 1:20:44]} 11. Nc3 {[%clk 1:01:31]} O-O {[%clk 1:16:51]} 12. Bf4
{[%clk 0:52:30]} Rb8 {[%clk 1:14:34]} 13. b3 {[%clk 0:45:22]} Re8
{[%clk 0:38:54]} 14. h3 {[%clk 0:23:24]} Bf8 {[%clk 0:23:40]} 15. Re1
{[%clk 0:23:13]} Re6 {[%clk 0:20:08]} 16. e5 {[%clk 0:16:08]} Ne8
{[%clk 0:13:52]} 17. Qf3 {[%clk 0:13:43]} Rg6 {[%clk 0:11:37]} 18. Bg3
{[%clk 0:09:01]} Qf5 {[%clk 0:08:46]} 19. Qxf5 {[%clk 0:06:46]} Bxf5
{[%clk 0:09:10]} 20. Rac1 {[%clk 0:07:09]} Re6 {[%clk 0:09:05]} 21. Nd5
{[%clk 0:06:00]} dxe5 {[%clk 0:04:25]} 22. Rxe5 {[%clk 0:05:10]} Rxe5
{[%clk 0:02:52]} 23. Bxe5 {[%clk 0:05:36]} Rd8 {[%clk 0:02:27]} 24. c4
{[%clk 0:03:04]} f6 {[%clk 0:02:27]} 25. Bf4 {[%clk 0:02:50]} Be4
{[%clk 0:01:10]} 26. Nc3 {[%clk 0:02:10]} Ba8 {[%clk 0:01:14]} 27. Na4
{[%clk 0:01:50]} g5 {[%clk 0:01:03]} 28. Be3 {[%clk 0:02:15]} Ng7
{[%clk 0:01:17]} 29. Bxc5 {[%clk 0:00:47]} Ne6 {[%clk 0:01:36]} 30. Bxf8
{[%clk 0:01:06]} Kxf8 {[%clk 0:01:50]} 31. c5 {[%clk 0:00:38]} Nf4
{[%clk 0:01:52]} 32. Rc4 {[%clk 0:00:33]} Bd5 {[%clk 0:01:36]} 33. Rb4
{[%clk 0:00:36]} Nxg2 {[%clk 0:01:45]} 34. Rd4 {[%clk 0:00:40]} Nh4
{[%clk 0:00:43]} 35. Rd1 {[%clk 0:00:51]} Nf3+ {[%clk 0:00:44]} 36. Kg2
{[%clk 0:00:48]} Ne5+ {[%clk 0:00:36]} 37. Kg3 {[%clk 0:00:52]} Ke7
{[%clk 0:00:59]} 38. Nc3 {[%clk 0:00:43]} Be6 {[%clk 0:00:51]} 39. Rxd8
{[%clk 0:00:37]} Kxd8 {[%clk 0:01:15]} 40. b4 {[%clk 0:30:33]} f5
{[%clk 0:30:36]} 41. a3 {[%clk 0:01:36]} f4+ {[%clk 0:25:18]} 42. Kh2
{[%clk 0:02:03]} h6 {[%clk 0:23:52]} 43. Ne2 {[%clk 0:02:22]} Nf3+
{[%clk 0:19:57]} 44. Kg2 {[%clk 0:02:50]} Ne1+ {[%clk 0:19:49]} 45. Kh2
{[%clk 0:02:37]} Nf3+ {[%clk 0:19:47]} 46. Kg2 {[%clk 0:03:04]} Ne1+
{[%clk 0:20:10]} 47. Kh2 {[%clk 0:03:31]} Nc2 {[%clk 0:19:47]} 48. Nc6+
{[%clk 0:02:08]} Kd7 {[%clk 0:20:00]} 49. Ned4 {[%clk 0:01:29]} Nxa3
{[%clk 0:19:49]} 50. Ne5+ {[%clk 0:01:19]} Ke7 {[%clk 0:20:06]} 51. h4
{[%clk 0:00:37]} Kf6 {[%clk 0:19:27]} 52. Nec6 {[%clk 0:00:32]} Bd7
{[%clk 0:15:03]} 53. hxg5+ {[%clk 0:00:58]} hxg5 {[%clk 0:15:23]} 54. Nb8
{[%clk 0:00:39]} Bc8 {[%clk 0:15:35]} 55. Nbc6 {[%clk 0:00:33]} Nc4
{[%clk 0:14:36]} 56. Na7 {[%clk 0:00:38]} Bd7 {[%clk 0:13:24]} 57. c6
{[%clk 0:00:35]} Be6 {[%clk 0:13:00]} 58. Nb3 {[%clk 0:00:32]} Nd6
{[%clk 0:10:38]} 59. Nc5 {[%clk 0:00:32]} Bc4 {[%clk 0:10:56]} 60. Nb7
{[%clk 0:00:33]} Ne4 {[%clk 0:10:11]} 61. Kg1 {[%clk 0:00:34]} g4
{[%clk 0:10:15]} 62. Na5 {[%clk 0:00:33]} Be2 {[%clk 0:10:24]} 63. Nb3
{[%clk 0:00:54]} g3 {[%clk 0:10:20]} 64. f3 {[%clk 0:00:53]} Bxf3
{[%clk 0:09:07]} 65. Nd4 {[%clk 0:00:48]} Ng5 {[%clk 0:09:13]} 0-1

[Event "World Chess Olympiad 2018"]
[Site "Batumi"]
[Date "2018.09.25"]
[Round "2"]
[Board "3"]
[WhiteFideId "5200750"]
[White "Garcia Jan Emmanuel"]
[BlackFideId "14928752"]
[Black "Gazik Viktor"]
[Result "1/2-1/2"]
[LiveChessVersion "1.4.8"]
[BlackElo "2486"]
[WhiteElo "2439"]

1. Nf3 {[%clk 1:30:58]} g6 {[%clk 1:22:48]} 2. c4 {[%clk 1:31:00]} Bg7
{[%clk 1:23:15]} 3. d4 {[%clk 1:31:17]} d6 {[%clk 1:23:27]} 4. g3
{[%clk 1:29:15]} f5 {[%clk 1:27:40]} 5. Bg2 {[%clk 1:29:03]} Nf6 {[%clk 1:28:04]}
6. O-O {[%clk 1:28:56]} O-O {[%clk 1:28:13]} 7. Nc3 {[%clk 1:28:48]} e6
{[%clk 1:22:18]} 8. Qc2 {[%clk 1:24:21]} Nc6 {[%clk 1:21:08]} 9. a3
{[%clk 1:19:32]} e5 {[%clk 1:12:22]} 10. dxe5 {[%clk 1:12:18]} dxe5
{[%clk 1:07:10]} 11. Rd1 {[%clk 1:09:28]} Qe8 {[%clk 1:05:32]} 12. Nd5
{[%clk 0:34:44]} Rf7 {[%clk 1:03:05]} 13. Ng5 {[%clk 0:19:42]} Rd7
{[%clk 0:54:59]} 14. Nxf6+ {[%clk 0:19:33]} Bxf6 {[%clk 0:55:20]} 15. Bd5+
{[%clk 0:16:30]} Kh8 {[%clk 0:54:10]} 16. Ne6 {[%clk 0:15:42]} Qe7
{[%clk 0:27:18]} 17. Bh6 {[%clk 0:13:43]} Nd8 {[%clk 0:26:05]} 18. Nxd8
{[%clk 0:10:50]} Rxd8 {[%clk 0:25:23]} 19. Bg2 {[%clk 0:09:02]} Rxd1+
{[%clk 0:24:36]} 20. Rxd1 {[%clk 0:09:25]} c6 {[%clk 0:25:02]} 21. Bd2
{[%clk 0:09:02]} Be6 {[%clk 0:23:28]} 22. e4 {[%clk 0:06:54]} Rd8
{[%clk 0:22:17]} 23. Bb4 {[%clk 0:07:12]} Rxd1+ {[%clk 0:21:06]} 24. Qxd1
{[%clk 0:07:34]} c5 {[%clk 0:19:04]} 25. exf5 {[%clk 0:05:35]} gxf5
{[%clk 0:19:02]} 26. Bc3 {[%clk 0:04:23]} Bxc4 {[%clk 0:18:21]} 27. Qf3
{[%clk 0:03:11]} Qd7 {[%clk 0:17:43]} 28. h4 {[%clk 0:01:01]} b6 {[%clk 0:17:18]}
29. Qe3 {[%clk 0:00:49]} Qe6 {[%clk 0:11:38]} 30. b4 {[%clk 0:00:33]} cxb4
{[%clk 0:09:45]} 31. axb4 {[%clk 0:01:02]} Kg7 {[%clk 0:09:38]} 32. Bh3
{[%clk 0:01:05]} Ba6 {[%clk 0:03:24]} 33. Qf3 {[%clk 0:00:49]} Bc8
{[%clk 0:03:53]} 34. Qd3 {[%clk 0:00:40]} Qb3 {[%clk 0:01:47]} 35. Qd2
{[%clk 0:00:41]} Kg6 {[%clk 0:00:48]} 36. Kh2 {[%clk 0:00:35]} Be6
{[%clk 0:00:40]} 37. Bg2 {[%clk 0:00:34]} Qc4 {[%clk 0:00:43]} 38. Qe1
{[%clk 0:00:40]} Qc7 {[%clk 0:00:37]} 39. Qa1 {[%clk 0:00:32]} Bg7
{[%clk 0:00:43]} 40. Bf3 {[%clk 0:30:36]} h6 {[%clk 0:30:37]} 41. Bg2
{[%clk 0:26:01]} Kh7 {[%clk 0:25:05]} 42. Bh3 {[%clk 0:24:36]} Bc8
{[%clk 0:25:07]} 43. Qe1 {[%clk 0:23:04]} Kg6 {[%clk 0:20:46]} 44. Bg2
{[%clk 0:19:43]} Ba6 {[%clk 0:18:40]} 45. Qd2 {[%clk 0:18:46]} Bb5
{[%clk 0:17:56]} 46. Bd5 {[%clk 0:16:44]} Qd7 {[%clk 0:16:49]} 47. Qa2
{[%clk 0:15:55]} Bc6 {[%clk 0:09:51]} 48. Bg8 {[%clk 0:14:19]} Bf6
{[%clk 0:08:38]} 49. h5+ {[%clk 0:11:22]} Kg7 {[%clk 0:06:16]} 50. Be6
{[%clk 0:11:37]} Qe8 {[%clk 0:06:35]} 51. g4 {[%clk 0:08:23]} Bd7
{[%clk 0:07:04]} 52. Bxd7 {[%clk 0:07:52]} Qxd7 {[%clk 0:07:32]} 53. gxf5
{[%clk 0:08:16]} e4 {[%clk 0:05:53]} 54. Bd2 {[%clk 0:05:57]} a6 {[%clk 0:04:10]}
55. Be3 {[%clk 0:04:22]} Qxf5 {[%clk 0:01:42]} 56. Qxa6 {[%clk 0:04:39]} Qxh5+
{[%clk 0:00:46]} 57. Kg2 {[%clk 0:05:00]} Qg4+ {[%clk 0:00:56]} 58. Kf1
{[%clk 0:05:11]} Qd1+ {[%clk 0:00:43]} 59. Kg2 {[%clk 0:05:38]} Qg4+
{[%clk 0:00:40]} 60. Kf1 {[%clk 0:06:05]} h5 {[%clk 0:00:42]} 61. Qxb6
{[%clk 0:05:54]} Qd1+ {[%clk 0:00:40]} 62. Kg2 {[%clk 0:06:24]} Qf3+
{[%clk 0:00:59]} 63. Kg1 {[%clk 0:06:20]} h4 {[%clk 0:01:22]} 64. Qc7+
{[%clk 0:06:29]} Kg6 {[%clk 0:00:56]} 65. Qf4 {[%clk 0:06:23]} Qxf4
{[%clk 0:00:41]} 1/2-1/2

[Event "World Chess Olympiad 2018"]
[Site "Batumi"]
[Date "2018.09.25"]
[Round "2"]
[Board "4"]
[WhiteFideId "14923432"]
[White "Nayhebaver Martin"]
[BlackFideId "5204674"]
[Black "Turqueza Mari Joseph"]
[Result "1-0"]
[LiveChessVersion "1.4.8"]
[BlackElo "2360"]
[WhiteElo "2466"]

1. e4 {[%clk 1:22:56]} c5 {[%clk 1:30:35]} 2. Nc3 {[%clk 1:23:05]} d6
{[%clk 1:30:08]} 3. d4 {[%clk 1:22:54]} cxd4 {[%clk 1:29:19]} 4. Qxd4
{[%clk 1:23:17]} Nc6 {[%clk 1:23:05]} 5. Qd2 {[%clk 1:29:52]} g6 {[%clk 1:18:35]}
6. b3 {[%clk 1:28:12]} Bg7 {[%clk 1:13:46]} 7. Bb2 {[%clk 1:27:42]} Nf6
{[%clk 1:08:55]} 8. O-O-O {[%clk 1:26:53]} Be6 {[%clk 1:08:26]} 9. Kb1
{[%clk 1:25:32]} Rc8 {[%clk 0:57:27]} 10. f3 {[%clk 1:23:56]} O-O
{[%clk 0:53:46]} 11. Nge2 {[%clk 1:23:14]} Qa5 {[%clk 0:31:02]} 12. g4
{[%clk 1:12:44]} Rfd8 {[%clk 0:24:54]} 13. g5 {[%clk 1:05:22]} Nh5
{[%clk 0:24:43]} 14. a3 {[%clk 0:52:24]} a6 {[%clk 0:15:42]} 15. Nd5
{[%clk 0:40:45]} Qxd2 {[%clk 0:15:20]} 16. Rxd2 {[%clk 0:38:56]} h6
{[%clk 0:09:39]} 17. h4 {[%clk 0:37:27]} Bxb2 {[%clk 0:09:41]} 18. Kxb2
{[%clk 0:37:50]} Kg7 {[%clk 0:08:42]} 19. Ne3 {[%clk 0:29:58]} a5
{[%clk 0:04:28]} 20. f4 {[%clk 0:29:43]} Bd7 {[%clk 0:04:23]} 21. Bg2
{[%clk 0:29:15]} b5 {[%clk 0:03:04]} 22. Bf3 {[%clk 0:27:07]} hxg5
{[%clk 0:02:17]} 23. hxg5 {[%clk 0:27:20]} Rh8 {[%clk 0:02:34]} 24. e5
{[%clk 0:27:30]} Nxf4 {[%clk 0:02:03]} 25. Nxf4 {[%clk 0:23:45]} Nxe5
{[%clk 0:02:30]} 26. Rf1 {[%clk 0:21:51]} Nxf3 {[%clk 0:01:55]} 27. Rxf3
{[%clk 0:22:19]} Bc6 {[%clk 0:02:10]} 28. Rf1 {[%clk 0:22:26]} Rh1
{[%clk 0:01:34]} 29. Rxh1 {[%clk 0:21:16]} Bxh1 {[%clk 0:02:03]} 30. Ned5
{[%clk 0:21:08]} Bxd5 {[%clk 0:00:35]} 31. Rxd5 {[%clk 0:20:11]} Rb8
{[%clk 0:00:31]} 32. Ne2 {[%clk 0:20:04]} f5 {[%clk 0:00:33]} 33. gxf6+
{[%clk 0:14:53]} Kxf6 {[%clk 0:00:56]} 34. b4 {[%clk 0:15:09]} axb4
{[%clk 0:01:23]} 35. axb4 {[%clk 0:15:36]} g5 {[%clk 0:00:42]} 36. Ng3
{[%clk 0:15:56]} e6 {[%clk 0:00:31]} 37. Ne4+ {[%clk 0:15:58]} Kf7
{[%clk 0:00:31]} 38. Nxd6+ {[%clk 0:14:55]} Ke7 {[%clk 0:00:35]} 39. Rxb5
{[%clk 0:15:09]} Rf8 {[%clk 0:00:31]} 40. Ne4 {[%clk 0:45:30]} g4
{[%clk 0:30:37]} 41. Rb7+ {[%clk 0:45:50]} 1-0

[Event "World Chess Olympiad 2018"]
[Site "Batumi"]
[Date "2018.09.25"]
[Round "2"]
[Board "1"]
[WhiteFideId "3405400"]
[White "Morovic Fernandez Ivan"]
[BlackFideId "4500261"]
[Black "Kulaots Kaido"]
[Result "1-0"]
[LiveChessVersion "1.4.8"]
[BlackElo "2542"]
[WhiteElo "2501"]

1. d4 {[%clk 1:30:48]} Nf6 {[%clk 1:30:45]} 2. c4 {[%clk 1:31:10]} g6
{[%clk 1:31:09]} 3. Nc3 {[%clk 1:30:58]} d5 {[%clk 1:31:24]} 4. cxd5
{[%clk 1:30:53]} Nxd5 {[%clk 1:31:48]} 5. e4 {[%clk 1:31:19]} Nxc3
{[%clk 1:32:07]} 6. bxc3 {[%clk 1:31:46]} Bg7 {[%clk 1:32:26]} 7. Be3
{[%clk 1:31:54]} c5 {[%clk 1:31:50]} 8. Qd2 {[%clk 1:30:59]} Qa5 {[%clk 1:30:23]}
9. Rc1 {[%clk 1:30:28]} O-O {[%clk 1:25:11]} 10. Nf3 {[%clk 1:29:40]} Rd8
{[%clk 1:23:23]} 11. d5 {[%clk 1:28:03]} e6 {[%clk 1:23:00]} 12. Bg5
{[%clk 1:25:29]} f6 {[%clk 1:22:48]} 13. Be3 {[%clk 1:25:54]} Nc6
{[%clk 1:20:48]} 14. Bd3 {[%clk 1:24:56]} Ne7 {[%clk 1:17:28]} 15. c4
{[%clk 1:24:05]} Qxd2+ {[%clk 1:17:29]} 16. Nxd2 {[%clk 1:22:40]} b6
{[%clk 1:14:50]} 17. O-O {[%clk 1:22:03]} h6 {[%clk 1:00:14]} 18. Rfe1
{[%clk 1:18:33]} Kf7 {[%clk 0:45:11]} 19. h4 {[%clk 1:06:55]} f5 {[%clk 0:42:26]}
20. f3 {[%clk 0:53:51]} Nc6 {[%clk 0:21:38]} 21. Bb1 {[%clk 0:43:40]} Nd4
{[%clk 0:21:11]} 22. Nb3 {[%clk 0:43:30]} Bd7 {[%clk 0:16:24]} 23. Bxd4
{[%clk 0:37:32]} cxd4 {[%clk 0:12:32]} 24. e5 {[%clk 0:35:58]} Re8
{[%clk 0:04:34]} 25. f4 {[%clk 0:24:07]} g5 {[%clk 0:03:36]} 26. hxg5
{[%clk 0:15:04]} hxg5 {[%clk 0:04:02]} 27. g4 {[%clk 0:14:53]} fxg4
{[%clk 0:01:52]} 28. f5 {[%clk 0:14:33]} exf5 {[%clk 0:01:43]} 29. e6+
{[%clk 0:14:21]} Bxe6 {[%clk 0:01:02]} 30. dxe6+ {[%clk 0:13:19]} Rxe6
{[%clk 0:01:27]} 31. Bxf5 {[%clk 0:12:56]} Re3 {[%clk 0:00:37]} 32. Rxe3
{[%clk 0:10:18]} dxe3 {[%clk 0:01:03]} 33. Bxg4 {[%clk 0:10:39]} Rh8
{[%clk 0:00:33]} 34. Rf1+ {[%clk 0:07:11]} Bf6 {[%clk 0:00:59]} 35. Kg2
{[%clk 0:06:09]} Rh4 {[%clk 0:00:58]} 36. Be2 {[%clk 0:05:28]} Rh8
{[%clk 0:00:33]} 37. Kf3 {[%clk 0:04:18]} Re8 {[%clk 0:00:31]} 38. Rd1
{[%clk 0:04:03]} Re7 {[%clk 0:00:47]} 39. Rd3 {[%clk 0:04:11]} Kg6
{[%clk 0:00:55]} 40. Rd6 {[%clk 0:32:38]} Kg7 {[%clk 0:30:39]} 41. Rd5
{[%clk 0:22:34]} Kg6 {[%clk 0:24:10]} 42. Nd4 {[%clk 0:19:27]} Be5
{[%clk 0:17:31]} 43. Nc6 {[%clk 0:16:07]} Rf7+ {[%clk 0:17:57]} 44. Kxe3
{[%clk 0:16:19]} Bf4+ {[%clk 0:18:17]} 45. Ke4 1-0